Эксплуатация, наладка и испытание теплотехнического оборудования промышленных предприятий: учебное пособие

Bibliographic Details
Main Author: Эстеркин Р. И. Рахмиель Иосифович
Language:Russian
Published: Ленинград, Энергия, 1976
Subjects:
Format: Book
KOHA link:https://koha.lib.tpu.ru/cgi-bin/koha/opac-detail.pl?biblionumber=34064

MARC

LEADER 00000nam0a2200000 4500
001 34064
005 20231030223459.0
035 |a (RuTPU)RU\TPU\book\34441 
035 |a BOOK00001092 
090 |a 34064 
100 |a 20011210d1976 m y0rusy50 ca 
101 0 |a rus 
102 |a RU 
105 |a a j 001zy 
200 1 |a Эксплуатация, наладка и испытание теплотехнического оборудования промышленных предприятий  |e учебное пособие 
210 |a Ленинград  |c Энергия  |d 1976 
215 |a 272 с.  |c ил. 
451 1 |0 (RuTPU)RU\TPU\book\64569  |t Эксплуатация, наладка и испытание теплотехнического оборудования промышленных предприятий  |o учебник для техникумов  |f Р. И. Эстеркин  |e 2-е изд., перераб. и доп.  |c Ленинград  |n Энергоатомиздат  |d 1984  |p 285 с.   |s Для учащихся техникумов  |a Эстеркин, Рахмиель Иосифович 
610 1 |a теплоэнергетические установки 
610 1 |a монтаж 
610 1 |a промышленные предприятия 
610 1 |a эксплуатация 
610 1 |a наладка 
610 1 |a испытание 
610 1 |a теплотехническое оборудование 
610 1 |a учебные пособия 
675 |a 658.2.64(075.32)  |v 3 
700 1 |a Эстеркин  |b Р. И.  |g Рахмиель Иосифович 
801 0 |a RU  |b 63413507  |c 20011210  |g PSBO 
801 2 |a RU  |b 63413507  |c 20161117  |g PSBO 
900 |a Монтаж теплоэнергетических установок 
942 |c BK